|
|
|
|
| LEADER |
00000nab a2200000uu 4500 |
| 001 |
vtls010914067 |
| 003 |
SK-MaSNL |
| 005 |
20260303215340.0 |
| 008 |
240322|1931 xo |||||||||||||||||ger| |
| 015 |
|
|
|a SNBRB
|
| 035 |
|
|
|a (urnnbn)urn:nbn:sk:snk:ar-a09bfv
|
| 035 |
|
|
|a (uuid)0cd92d6a-4969-4468-a44a-a6a8cd8fed95
|
| 035 |
|
|
|a urn:nbn:sk:snk-ab92o6
|
| 040 |
|
|
|a SNKBUCL
|b slo
|c SNKBUCL
|e AACR2
|
| 041 |
0 |
|
|a ger
|
| 044 |
|
|
|a xo
|c SK
|
| 100 |
1 |
|
|a Grinberg, M.
|4 aut
|9 1121619
|
| 245 |
1 |
0 |
|a DIE NEUE FINANZIELLE ROLLE FRANKREICHS IN DER WELTWIRTSCHAFT
|b II. Frankreich als internationaler Kapitallieferant. Die heutige Fragestellung
|c M. Grinberg
|
| 773 |
0 |
|
|t Hospodárske rozhľady : časopis Obchodnej a priemyselnej komory v Bratislave
|g Roč. 6, č. 1 (1931), s. 35-48
|
| 954 |
|
|
|a odborná, vedecká literatúra cudzojazyčná (svetová)
|2 lita
|
| 954 |
|
|
|a odborná, vedecká literatúra pôvodná (slovenská)
|2 lita
|
| 958 |
|
|
|a EUIPO
|
| 958 |
|
|
|a OND
|
| 958 |
|
|
|a article10
|
| 999 |
|
|
|c 2221148
|d 2223078
|